000 00735nam a22002057a 4500
001 28530
003 BD-RjUL
005 20211209051308.0
008 140331b1946 ii 000 0 eng d
035 _a(BD-RjUL)28611
040 _aBD-RjUL
_beng
_cBD-RjUL
041 _aeng
082 _219
_a334.0954
_bINR 1946
110 1 _aIndia.
_bCo-operative Planning Committee.
_987382
245 1 _aReport of the Co-operative Planning Committee appointed by the Government of India on the recommendation of the fourteenth Registrars' Conference /
_cIndia. Co-operative Planning Committee.
260 _aBombay :
_bManager of Publications,
_c1946.
300 _aix, 249 p. ;
_c23 cm.
650 0 _aCooperation
_zIndia.
_911731
942 _2ddc
_cBK
999 _c28530
_d28530